000 00332nam a2200133Ia 4500
008 191201s2009 xx 000 0 und d
100 _aWESTON, J Fred
245 0 _aTakeovers, Restructuring, and Corporate Governance
250 _a7th IMP
260 _aN. Delhi
_bPearson
_c2009
300 _a718
650 _aMBA
942 _2ddc
_cBK
999 _c5157
_d5157